LEADER 01036cam1 22002891 450 001 SOBE00060034 005 20180921121433.0 100 $a20180713d1789 |||||ita|0103 ba 101 $aita 102 $aIT 200 1 $aCarteggio di madama la marchesa di Pampadour ossia Raccolta di lettere scritte dalla medesima. Tomo primo [-quarto] 210 $aIn Venezia$cpresso Giovanni Gatti$d1789 215 $a4 volumi$d8º 463 1$1001SOBE00060036$12000 $a1 463 1$1001SOBE00060037$12000 $a2 463 1$1001SOBE00060039$12000 $a3 463 1$1001SOBE00060041$12000 $a4 500 10$aLettres de Mme la Mise de Pompadour$3SOBA00017335$91668789 620 $dVenezia$9SOBA00017195 700 1$aPompadour$b, Jeanne Antoinette : Poisson, marquise de$3SOBA00017336$4070$0705822 712 02$a*Gatti, *Giovanni$3SOBA00017337$4650 801 0$aIT$bBEM$c20180921$gRICA 912 $aSOBE00060034 940 $aM 103 Monografia antica SBN 941 $aM 996 $aLettres de Mme la Mise de Pompadour$91668789 997 $aUNISOB